000 00852nam a2200265Ia 4500
003 OSt
005 20220918172002.0
006 a|||||r|||| 00| 0
007 ta
008 220917b |||||||| |||| 00| 0 eng d
020 _a9788194717591 (hbk)
_cINR 1200.00
024 _a354,242
037 _b00031, 21/12/2021, The Book Seller
_cTextual
040 _aARTS
_cARTS
_beng
041 _2eng
_aeng
082 _aX:326, R1
100 _aPatnaik Utsa Au.
_939696
245 0 _aCapital and imperialism
_b theory, history and the present
260 _aNew Delhi
_bTulika Books India
_c2021
300 _ax,381p.
_ccm.
650 _aCAPITALISM; ECONOMICS
700 _a Patnaik Prabhat Au.
_939697
942 _hX:326, R1
_cTEXL
_2CC
999 _c142160
_d142160